Antidiskriminačná dohoda - dôležitý krok na ceste k rovnosti príležitostí

Informácia o projekte vzdelávacej organizácie MASM, ktorého aktivity sa budú realizovať v Žilinskom a Nitrianskom regióne a ich cieľom bude prispieť k zvýšeniu zamestnateľnosti osôb ohrozených sociálnym vylúčením z dôvodu príslušnosti ku skupinám osobitne ohrozeným diskriminujúcimi fenoménmi (rod, v...

Descripción completa

Guardado en:
Detalles Bibliográficos
Autor principal: Grenčíková, Viera
Formato: Capítulo de libro
Lenguaje:eslovaco
Materias:
Etiquetas: Agregar Etiqueta
Sin Etiquetas, Sea el primero en etiquetar este registro!

MARC

LEADER 00000naa$a2200000$$$4500
001 0047607
005 20231011135135.9
041 0 |a slo 
044 |a SK 
245 1 0 |a Antidiskriminačná dohoda - dôležitý krok na ceste k rovnosti príležitostí  |c Viera Grenčíková 
520 |a Informácia o projekte vzdelávacej organizácie MASM, ktorého aktivity sa budú realizovať v Žilinskom a Nitrianskom regióne a ich cieľom bude prispieť k zvýšeniu zamestnateľnosti osôb ohrozených sociálnym vylúčením z dôvodu príslušnosti ku skupinám osobitne ohrozeným diskriminujúcimi fenoménmi (rod, vek, zdravotné postihnutie). 
610 2 0 |a trh práce 
610 2 0 |a diskriminácia 
610 2 0 |a Slovensko 
610 2 0 |a projekty 
100 1 |a Grenčíková, Viera